Conquer Humanity 🌎 - Casual Version - Statistics

General Stats
  • This quiz has been taken 1,225 times
  • The average score is 190 of 212
Answers on the Map
Answers color-coded by a green-red scale on the quiz's map according to % correct below.
 
Answer Stats
Rank Power Country % Correct
#1-3 +12 United States | Russia | China
100%
#7-9 +9 France | United Kingdom | Brazil
98%
#19-21 +8 Australia | Israel | Canada
97%
#13-15 +9 Egypt | Iran | Germany
97%
#46-48 +6 Mexico | Peru | Philippines
97%
#4-6 +10 India | Japan | South Korea
96%
#16-18 +8 Indonesia | Saudi Arabia | Spain
95%
#31-33 +7 Sweden | South Africa | Norway
95%
#10-12 +9 Pakistan | Turkey | Italy
94%
#40-42 +6 Singapore | Romania | Argentina
94%
#25-27 +8 Ukraine | Thailand | Algeria
94%
#22-24 +8 Taiwan | Poland | Vietnam
92%
#55-57 +5 Hungary | Finland | Iraq
91%
#61-63 +4 Serbia | Kazakhstan | Croatia
91%
#79-81 +3 Sri Lanka | Bolivia | Democratic Republic of the Congo
91%
#100-102 +3 Armenia | Mongolia | Uruguay
90%
#103-105 +2 Bahrain | Niger | Mali
89%
#49-51 +5 Chile | Belarus | Uzbekistan
89%
#76-78 +3 Cuba | Sudan | Yemen
88%
#34-36 +6 Czech Republic | Nigeria | United Arab Emirates
88%
#37-39 +6 Netherlands | Myanmar | Colombia
88%
#28-30 +7 North Korea | Greece | Switzerland
88%
#52-54 +5 Portugal | Morocco | Denmark
88%
#70-72 +4 Libya | Kuwait | Oman
87%
#109-111 +2 Estonia | South Sudan | Paraguay
86%
#58-60 +5 Slovakia | Austria | Ethiopia
84%
#88-90 +3 Slovenia | Uganda | Chad
84%
#73-75 +3 Tunisia | Jordan | Afghanistan
84%
#130-132 +1 Panama | Central African Republic | Gabon
83%
#82-84 +3 Qatar | Kenya | New Zealand
83%
#124-126 +2 Republic of the Congo | Madagascar | Mauritania
83%
#43-45 +6 Venezuela | Malaysia | Bangladesh
82%
#118-120 +2 Laos | Nepal | Nicaragua
81%
#64-66 +4 Azerbaijan | Syria | Angola
80%
#67-69 +4 Bulgaria | Belgium | Ecuador
80%
#112-114 +2 Tanzania | Albania | Honduras
80%
#85-87 +3 Lithuania | Turkmenistan | Zambia
78%
#106-108 +2 Botswana | Moldova | Cameroon
76%
#94-96 +3 Cambodia | Guatemala | Ghana
76%
#97-99 +3 Latvia | Ireland | Tajikistan
75%
#127-129 +2 Namibia | El Salvador | Burkina Faso
75%
#91-93 +3 Zimbabwe | Georgia | Kyrgyzstan
74%
#115-117 +2 Ivory Coast | Lebanon | Mozambique
72%
#136-138 +1 Sierra Leone | Somalia | Liberia
69%
#133-135 +1 North Macedonia | Eritrea | Suriname
67%
#121-123 +2 Bosnia and Herzegovina | Dominican Republic | Montenegro
66%
No matching quizzes found
Score Distribution
Percent of People with Each Score
Percentile by Number Answered
Your Score History
You have not taken this quiz